The Untired Heart / (Record no. 196655)

MARC details
000 -LEADER
fixed length control field 00522nam a22001817a 4500
005 - DATE AND TIME OF LATEST TRANSACTION
control field 20230816112832.0
010 ## - LCCN (DPL NO)
LC control number ENG-137480
020 ## - INTERNATIONAL STANDARD BOOK NUMBER
Terms of availability 100.00
035 ## - SYSTEM CONTROL NUMBER
System control number EN-121012
037 ## - SOURCE OF ACQUISITION
Source of stock number/acquisition DBAD/PUB
082 ## - DEWEY DECIMAL CLASSIFICATION NUMBER
Classification number 881
100 ## - MAIN ENTRY--PERSONAL NAME
Personal name SWAIN,PRAKASH KUMAR
245 ## - TITLE STATEMENT
Title The Untired Heart /
Statement of responsibility, etc by Prakash Kumar Swain
260 ## - PUBLICATION, DISTRIBUTION, ETC. (IMPRINT)
Place of publication, distribution, etc Bhubaneswar
Name of publisher, distributor, etc Sarala Swain
Date of publication, distribution, etc 2008
270 ## - ADDRESS
Address Plot No-530 (Meera Mahal), Shree Vihar, P.O.:Patia
City Bhubaneswar-31
300 ## - PHYSICAL DESCRIPTION
Extent 56p. :
Dimensions 22cm(Hb)
942 ## - ADDED ENTRY ELEMENTS (KOHA)
Source of classification or shelving scheme Dewey Decimal Classification
Item type English Books
Call number suffix SWA
Classification part 881
Holdings
Withdrawn status Lost status Not for loan Collection code Home library Current library Date acquired Source of acquisition Cost, normal purchase price Full call number Barcode Copy number Cost, replacement price Koha item type
      Non-fiction Kadipur Kadipur 19/07/2023 DBAD/PUB 100.00 881 SWA EN-121012 1 100.00 English Books

© Delhi Public Library
Hit Counter
free hit counter